[Event "AUTO-ADV-4514"]
[Site "http://www.queenalice.com/game.php?id=1771277"]
[Date "2021.10.2"]
[Round "2"]
[White "Wecker"]
[Black "Artking"]
[Result "1-0"]
[WhiteElo "1919"]
[BlackElo "1910"]

1. e4 d5 2. exd5 Qxd5 3. Nc3 Qa5 4. d4 c6 5. Bd2 Qc7 6. g3 Nf6 7. Bg2 Bg4 8.
Nge2 e6 9. O-O Bd6 10. Ne4 Nxe4 11. Bxe4 Nd7 12. c4 O-O-O 13. c5 Be7 14. f3 Bh5
15. Qa4 Kb8 16. Ba5 b6 17. cxb6 axb6 18. Bd2 b5 19. Qa6 Qb6 20. Bf4+ e5 21.
Bxe5+ 1-0

[Event "AUTO-ADV-4515"]
[Site "http://www.queenalice.com/game.php?id=1773043"]
[Date "2021.10.24"]
[Round "2"]
[White "holandes"]
[Black "Wecker"]
[Result "0-1"]
[WhiteElo "1819"]
[BlackElo "1836"]

1. e4 e5 2. Nc3 f5 3. Bc4 Nf6 4. d3 fxe4 5. dxe4 Bc5 6. Nd5 Bxf2+ 7. Kf1 d6 8.
Bg5 Nc6 9. Kxf2 Nxe4+ 10. Ke1 Nxg5 11. h3 Be6 12. c3 Qd7 13. Be2 O-O-O 14. Qd3
Bxd5 15. Qxd5 h5 16. Bb5 a6 17. Bd3 Ne7 18. Qb3 Qc6 19. Bf1 g6 20. Rc1 Rhf8 21.
Ne2 Nf5 22. Rg1 Ne3 23. c4 Nxf1 24. Rxf1 Qxg2 25. Ng3 Nxh3 26. Rc2 Rxf1+ 27.
Nxf1 Qe4+ 28. Ne3 Rf8 29. c5 Qh1+ 30. Kd2 Rf2+ 31. Kc3 Qe1+ 32. Kc4 Rxc2+ 33.
Nxc2 Qe4+ 34. Kc3 dxc5 35. Qc4 Qxc4+ 36. Kxc4 Kd7 37. Kxc5 Nf4 38. Ne3 h4 39.
Ng4 h3 40. Kc4 Ke6 41. Kc3 Kf5 42. Nh2 g5 43. Kd2 g4 0-1

[Event "AUTO-ADV-4515"]
[Site "http://www.queenalice.com/game.php?id=1773044"]
[Date "2021.10.24"]
[Round "2"]
[White "Wecker"]
[Black "holandes"]
[Result "0-1"]
[WhiteElo "1876"]
[BlackElo "1790"]

1. e4 e5 2. Nf3 Nc6 3. Bb5 Nge7 4. c3 a6 5. Ba4 b5 6. Bc2 Ng6 7. O-O Bc5 8. d4
Bb6 9. Be3 O-O 10. Nbd2 d6 11. b4 f5 12. Bb3+ Kh8 13. dxe5 dxe5 14. Bg5 Qd6 15.
Re1 h6 16. exf5 Bxf5 17. Bh4 Rae8 18. Bg3 Qf6 19. Ne4 Bxe4 0-1

[Event "AUTO-ADV-4515"]
[Site "http://www.queenalice.com/game.php?id=1773049"]
[Date "2021.10.24"]
[Round "2"]
[White "Wecker"]
[Black "DAlessandro"]
[Result "0-1"]
[WhiteElo "1812"]
[BlackElo "1807"]

1. e4 c5 2. b3 Nc6 3. Bb2 e6 4. f4 d6 5. Nf3 Nf6 6. e5 dxe5 7. fxe5 Nd5 8. d4
cxd4 9. Bb5 Bd7 10. Bxc6 Bxc6 11. Nxd4 Qb6 12. Nxc6 Qxc6 13. Qf3 Qxc2 14. Qf2
Qxf2+ 15. Kxf2 Bc5+ 16. Kf3 Ne3 17. Nd2 Nd5 18. Rac1 Be3 19. Rcd1 Bb6 20. Nc4
Bc7 21. Rhe1 O-O 22. Ba3 Rfd8 23. Nd6 Rab8 24. Kf2 Nf4 25. g3 Nd5 26. Kg1 a6 27.
Rf1 f6 28. Nc4 b5 0-1

[Event "AUTO-ADV-4515"]
[Site "http://www.queenalice.com/game.php?id=1773050"]
[Date "2021.10.24"]
[Round "2"]
[White "DAlessandro"]
[Black "Wecker"]
[Result "1-0"]
[WhiteElo "1826"]
[BlackElo "1857"]

1. c4 b6 2. Nf3 Bb7 3. e3 Nf6 4. Nc3 c5 5. Be2 Nc6 6. d3 e6 7. O-O d5 8. cxd5
exd5 9. Re1 Be7 10. a3 O-O 11. Bf1 d4 12. exd4 cxd4 13. Ne4 Re8 14. Bd2 Nxe4 15.
dxe4 Bc5 16. b4 Bd6 17. Bg5 f6 18. Bc1 Qc7 19. Qb3+ Kh8 20. Bb5 a6 21. Bxc6 Bxc6
22. Bb2 Bxe4 23. Nxd4 Bxh2+ 24. Kh1 Rad8 25. Ne6 Rxe6 26. Qxe6 Bxg2+ 27. Kxg2
1-0

[Event "AUTO-ADV-4515"]
[Site "http://www.queenalice.com/game.php?id=1773051"]
[Date "2021.10.24"]
[Round "2"]
[White "Wecker"]
[Black "andrevillares"]
[Result "0-1"]
[WhiteElo "1856"]
[BlackElo "1934"]

1. b3 e5 2. Bb2 Nc6 3. d3 d5 4. Nd2 Nf6 5. c4 Be6 6. cxd5 Nxd5 7. e4 Ndb4 8. Nc4
f6 9. a3 Na6 10. f4 b5 11. fxe5 bxc4 12. exf6 gxf6 13. Qh5+ Bf7 14. Qb5 Qd7 15.
Qxa6 cxd3 16. Bxd3 Rd8 17. O-O-O Bh6+ 18. Kb1 Bxb3 19. Bxf6 Rb8 20. Ka1 Rg8 21.
Nf3 Bxd1 22. Rxd1 Rxg2 23. e5 Rbb2 24. Bg6+ hxg6 25. Rxd7 Ra2+ 0-1

[Event "AUTO-ADV-4515"]
[Site "http://www.queenalice.com/game.php?id=1773052"]
[Date "2021.10.24"]
[Round "2"]
[White "andrevillares"]
[Black "Wecker"]
[Result "1-0"]
[WhiteElo "1905"]
[BlackElo "1871"]

1. d4 d6 2. c4 Nf6 3. Nc3 g6 4. e4 Bg7 5. Be2 c5 6. Be3 O-O 7. g4 Qa5 8. f3 Nc6
9. d5 Ne5 10. Nh3 Nxc4 11. Bxc4 Nxg4 12. fxg4 Bxc3+ 13. Bd2 Bxd2+ 14. Qxd2 Qxd2+
15. Kxd2 Bxg4 16. Nf2 Bd7 17. h4 b5 18. Bd3 c4 19. Bc2 e6 20. h5 Rad8 21. Ng4
Bc8 22. hxg6 fxg6 23. dxe6 Bxe6 24. Ne3 a5 25. Rh2 a4 26. Rah1 1-0

[Event "AUTO-ADV-4483"]
[Site "http://www.queenalice.com/game.php?id=1773565"]
[Date "2021.10.30"]
[Round "2"]
[White "Rafale2000"]
[Black "Wecker"]
[Result "1-0"]
[WhiteElo "2027"]
[BlackElo "1820"]

1. e4 e5 2. Nf3 Nc6 3. d4 exd4 4. Bc4 Bb4+ 5. Bd2 Nge7 6. a3 Bxd2+ 7. Qxd2 O-O
8. O-O d6 9. Nxd4 Ne5 10. Bb3 Be6 11. Bxe6 c5 12. Nb5 fxe6 13. Qxd6 Qxd6 14.
Nxd6 b6 15. Nc3 Rad8 16. Rad1 N7c6 17. f4 Ng4 18. Rf3 Nd4 19. Rg3 Rxd6 20. Rxg4
Ne2+ 21. Kf1 Rxd1+ 22. Nxd1 Nxf4 23. Ke1 e5 24. Nf2 h6 25. Nd3 Nxd3+ 26. cxd3 h5
27. Rg5 Rd8 28. Ke2 1-0

[Event "AUTO-ADV-4483"]
[Site "http://www.queenalice.com/game.php?id=1773566"]
[Date "2021.10.30"]
[Round "2"]
[White "Wecker"]
[Black "Rafale2000"]
[Result "0-1"]
[WhiteElo "1828"]
[BlackElo "2019"]

1. d4 Nf6 2. Nc3 d5 3. g3 e6 4. Bg2 Bb4 5. a3 Be7 6. e4 dxe4 7. Nxe4 Nxe4 8.
Bxe4 O-O 9. Bf4 Nc6 10. Ne2 f5 11. Bg2 Bd7 12. O-O Bd6 13. c4 e5 14. Bd5+ Kh8
15. dxe5 Nxe5 16. Re1 Nf3+ 17. Kh1 Nxe1 18. Qxe1 Bc6 19. Qd2 Bxd5+ 20. Qxd5 Bxf4
21. Nxf4 c6 22. Qf3 Qf6 23. Rb1 Rad8 24. b4 Rd4 25. c5 Re4 26. Rb2 Qxb2 0-1

[Event "AUTO-ADV-4506"]
[Site "http://www.queenalice.com/game.php?id=1774623"]
[Date "2021.11.11"]
[Round "2"]
[White "kakocarvalho"]
[Black "Wecker"]
[Result "0-1"]
[WhiteElo "1950"]
[BlackElo "1815"]

1. Nf3 Nc6 2. g3 e5 3. d3 d5 4. Bg2 f5 5. O-O Nf6 6. Nbd2 Be6 7. Re1 Bc5 8. e3
Bb6 9. Ng5 Qe7 10. Nxe6 Qxe6 11. c4 dxc4 12. Nxc4 O-O 13. Nxb6 axb6 14. Bd2 Rfd8
15. d4 e4 16. Bf1 Ng4 17. h3 Nf6 18. b3 Rd5 19. Bc4 f4 20. g4 f3 21. Qc2 Rad8
22. Rac1 Nxg4 23. Bxd5 Rxd5 24. b4 Kh8 25. Qb3 Nf6 26. b5 Qxh3 0-1

[Event "AUTO-ADV-4506"]
[Site "http://www.queenalice.com/game.php?id=1774624"]
[Date "2021.11.11"]
[Round "2"]
[White "Wecker"]
[Black "kakocarvalho"]
[Result "0-1"]
[WhiteElo "1840"]
[BlackElo "1943"]

1. e4 d6 2. d4 Nf6 3. Nc3 g6 4. Bc4 Bg7 5. f4 O-O 6. Nf3 Nbd7 7. Be3 e6 8. d5
exd5 9. exd5 Re8 10. Qd2 Qe7 11. Ke2 Ng4 0-1

[Event "AUTO-ADV-4506"]
[Site "http://www.queenalice.com/game.php?id=1774625"]
[Date "2021.11.11"]
[Round "2"]
[White "rodracena"]
[Black "Wecker"]
[Result "1-0"]
[WhiteElo "1922"]
[BlackElo "1818"]

1. c4 Nf6 2. d4 g6 3. Nf3 Bg7 4. Nc3 d6 5. Bg5 h6 6. Bh4 g5 7. Bg3 Bf5 8. e3 e6
9. Bd3 Nbd7 10. e4 Bg6 11. O-O Qe7 12. Re1 O-O-O 13. Qa4 Kb8 14. b4 c5 15. bxc5
1-0

[Event "AUTO-ADV-4506"]
[Site "http://www.queenalice.com/game.php?id=1774626"]
[Date "2021.11.11"]
[Round "2"]
[White "Wecker"]
[Black "rodracena"]
[Result "0-1"]
[WhiteElo "1866"]
[BlackElo "1908"]

1. e4 d5 2. exd5 Qxd5 3. Nc3 Qa5 4. d4 c6 5. Bc4 Nd7 6. Bd2 Ngf6 7. Bb3 e6 8. f4
Be7 9. Nf3 O-O 10. Qe2 Qc7 11. O-O-O a5 12. Na4 b5 0-1

[Event "noroc2021"]
[Site "http://www.queenalice.com/game.php?id=1774841"]
[Date "2021.11.15"]
[Round "5"]
[White "amadeo"]
[Black "Wecker"]
[Result "0-1"]
[WhiteElo "1307"]
[BlackElo "1813"]

1. e4 e5 2. Nf3 Nc6 3. Bb5 a6 4. Bxc6 dxc6 5. Nxe5 Qd4 6. Nxf7 Kxf7 7. Qf3+ Qf6
8. e5 Qxf3 9. gxf3 Be6 10. d4 c5 11. Be3 cxd4 12. Bxd4 Rd8 13. Be3 Bd5 14. Nd2
Ke6 15. Rg1 Kxe5 16. c4 Bf7 17. f4+ Ke6 18. O-O-O Nf6 19. Bd4 Rxd4 20. Rge1+ Kf5
21. Re4 Nxe4 22. f3 Nxd2 23. b3 Nxf3 24. Rh1 Ba3+ 25. Kb1 Rd2 26. Rf1 Kxf4 0-1

[Event "BEECHCRAFTH BARON 58 "]
[Site "http://www.queenalice.com/game.php?id=1777072"]
[Date "2021.12.13"]
[Round "-"]
[White "zubarev"]
[Black "Wecker"]
[Result "1-0"]
[WhiteElo "1840"]
[BlackElo "1806"]

1. e4 e5 2. Nf3 Nc6 3. Bc4 Nf6 4. Nc3 Bc5 5. O-O d6 6. Ng5 O-O 7. Be2 Be6 8. d3
h6 9. Nf3 Re8 10. Be3 b6 11. a3 d5 12. exd5 Nxd5 13. Nxd5 Qxd5 14. Ne1 Rad8 15.
Bf3 Qd6 16. Qe2 Ne7 17. Bxc5 Qxc5 18. a4 f6 19. c3 Qd6 20. Rd1 Bb3 21. Rd2 Bxa4
22. Bh5 Rf8 23. Qg4 Be8 24. Bxe8 Rdxe8 25. Qf3 f5 26. Qb7 a5 27. Nf3 Nd5 28. d4
e4 29. Ne5 Nf4 30. Re1 Rxe5 31. dxe5 Qxd2 32. Rf1 1-0

[Event "AUTO-ADV-4518"]
[Site "http://www.queenalice.com/game.php?id=1777926"]
[Date "2021.12.22"]
[Round "2"]
[White "Wecker"]
[Black "chessman"]
[Result "1-0"]
[WhiteElo "1852"]
[BlackElo "1919"]

1. e4 e6 2. d4 d5 3. exd5 exd5 4. c4 c6 5. Nf3 Nf6 6. Bg5 Be7 7. Bxf6 Bxf6 8.
cxd5 cxd5 9. Nc3 O-O 10. Be2 Nc6 11. O-O Bg4 12. Re1 a6 13. Qd2 Re8 14. Rad1 Rc8
15. Ne5 Bxe2 16. Rxe2 Qd6 17. f4 Ne7 18. Re3 Nc6 19. Qe2 Ne7 20. g4 Ng6 21. Qf3
b5 22. Nxd5 1-0

[Event "AUTO-ADV-4518"]
[Site "http://www.queenalice.com/game.php?id=1777927"]
[Date "2021.12.22"]
[Round "2"]
[White "chessman"]
[Black "Wecker"]
[Result "1-0"]
[WhiteElo "1939"]
[BlackElo "1843"]

1. e4 e5 2. Nf3 Nc6 3. Bb5 Nf6 4. Nc3 d6 5. O-O a6 6. Bxc6+ bxc6 7. Re1 g6 8. d4
Bg4 9. dxe5 Bxf3 10. gxf3 Nh5 11. exd6 cxd6 12. Kh1 Be7 13. Be3 O-O 14. f4 Ng7
15. Qf3 f5 16. e5 dxe5 17. fxe5 c5 18. Bh6 Re8 19. Bxg7 Kxg7 20. Rad1 Qb6 21. b3
Rac8 22. Rd3 c4 23. Rde3 cxb3 24. cxb3 Qb8 25. Nd5 Bd8 26. Nf6 Bxf6 27. exf6+
Kxf6 28. Rxe8 Rxe8 29. Qc6+ 1-0